| 000 | 00568nam a2200193Ia 4500 | ||
|---|---|---|---|
| 003 | OSt | ||
| 005 | 20250716161123.0 | ||
| 020 | _a978-0-7619-8810-6 | ||
| 040 | _cLC | ||
| 050 |
_aHC 79 .E44 M 356 2004 _b2 |
||
| 100 | _aMcMICHAEL, PHILIP | ||
| 245 | 0 | _aDEVELOPMENT AND SOCIAL CHANGE:A GLOBAL PERSPECTIVE | |
| 250 | _a3 | ||
| 260 |
_aNEW DELHI, _bPINE FORGE PRESS, _c2004, |
||
| 300 | _aXXXiX, 359 P, ILL | ||
| 500 | _aINCLUDES BIBLIOGRAPHICAL REFERENCES AND INDEX | ||
| 650 | _aCompetition, International Competition, International History | ||
| 942 |
_cBK _2lcc _n0 |
||
| 999 |
_c75222 _d75222 |
||